<?xml version="1.0" encoding="UTF-8"?>
<record
    xmlns:xsi="http://www.w3.org/2001/XMLSchema-instance"
    xsi:schemaLocation="http://www.loc.gov/MARC21/slim http://www.loc.gov/standards/marcxml/schema/MARC21slim.xsd"
    xmlns="http://www.loc.gov/MARC21/slim">

  <leader>01178nam a2200265   4500</leader>
  <datafield tag="999" ind1=" " ind2=" ">
    <subfield code="c">22841</subfield>
    <subfield code="d">22841</subfield>
  </datafield>
  <controlfield tag="001">vtls011891631</controlfield>
  <controlfield tag="005">20200129125319.0</controlfield>
  <controlfield tag="008">191004s2019    xo     f n    000 0 slo c</controlfield>
  <datafield tag="020" ind1=" " ind2=" ">
    <subfield code="a">9788081093746</subfield>
    <subfield code="q">(bro&#x17E;ovan&#xE9;)</subfield>
  </datafield>
  <datafield tag="040" ind1=" " ind2=" ">
    <subfield code="a">PPPK</subfield>
    <subfield code="b">slo</subfield>
    <subfield code="c">PPPK</subfield>
    <subfield code="e">rda</subfield>
  </datafield>
  <datafield tag="041" ind1="1" ind2=" ">
    <subfield code="a">slo</subfield>
    <subfield code="h">eng</subfield>
  </datafield>
  <datafield tag="044" ind1=" " ind2=" ">
    <subfield code="a">xo</subfield>
    <subfield code="c">SK</subfield>
  </datafield>
  <datafield tag="100" ind1="1" ind2=" ">
    <subfield code="a">Morin, Amy</subfield>
    <subfield code="4">aut</subfield>
    <subfield code="9">1588</subfield>
  </datafield>
  <datafield tag="240" ind1="1" ind2="0">
    <subfield code="a">13 things mentaly strong parents don&#x2019;t do</subfield>
    <subfield code="l">Slovensky</subfield>
  </datafield>
  <datafield tag="245" ind1="1" ind2="0">
    <subfield code="a">13 vec&#xED;, ktor&#xE9; psychicky siln&#xED; rodi&#x10D;ia nerobia</subfield>
    <subfield code="b">ako vychova&#x165; sebaist&#xE9;, vyrovnan&#xE9; deti a nastavi&#x165; ich myslenie na &#x161;&#x165;astn&#xFD;, zmyslupln&#xFD; a &#xFA;spe&#x161;n&#xFD; &#x17E;ivot</subfield>
    <subfield code="c">Amy Morin ; z anglick&#xE9;ho origin&#xE1;lu Amy Morin - 13 things mentaly strong parents don&#x2019;t do ... prelo&#x17E;ila Marianna Secci</subfield>
  </datafield>
  <datafield tag="246" ind1="3" ind2="0">
    <subfield code="a">Trin&#xE1;s&#x165; vec&#xED;, ktor&#xE9; psychicky siln&#xED; rodi&#x10D;ia nerobia</subfield>
  </datafield>
  <datafield tag="246" ind1="3" ind2="0">
    <subfield code="a">Ako vychova&#x165; sebaist&#xE9;, vyrovnan&#xE9; deti a nastavi&#x165; ich myslenie na &#x161;&#x165;astn&#xFD;, zmyslupln&#xFD; a &#xFA;spe&#x161;n&#xFD; &#x17E;ivot</subfield>
  </datafield>
  <datafield tag="264" ind1=" " ind2="1">
    <subfield code="a">Bratislava</subfield>
    <subfield code="b">Eastone Books</subfield>
    <subfield code="c">2019</subfield>
  </datafield>
  <datafield tag="300" ind1=" " ind2=" ">
    <subfield code="a">322 str&#xE1;n</subfield>
    <subfield code="c">21 cm</subfield>
  </datafield>
  <datafield tag="336" ind1=" " ind2=" ">
    <subfield code="a">text</subfield>
    <subfield code="b">txt</subfield>
    <subfield code="2">rdacontent</subfield>
  </datafield>
  <datafield tag="337" ind1=" " ind2=" ">
    <subfield code="a">bez m&#xE9;dia</subfield>
    <subfield code="b">n</subfield>
    <subfield code="2">rdamedia</subfield>
  </datafield>
  <datafield tag="338" ind1=" " ind2=" ">
    <subfield code="a">zv&#xE4;zok</subfield>
    <subfield code="b">nc</subfield>
    <subfield code="2">rdacarrier</subfield>
  </datafield>
  <datafield tag="490" ind1="1" ind2=" ">
    <subfield code="a">Open Mind</subfield>
  </datafield>
  <datafield tag="700" ind1="1" ind2=" ">
    <subfield code="a">Secci, Mariana</subfield>
    <subfield code="4">trl</subfield>
    <subfield code="9">1589</subfield>
  </datafield>
  <datafield tag="952" ind1=" " ind2=" ">
    <subfield code="0">0</subfield>
    <subfield code="1">0</subfield>
    <subfield code="2">udc</subfield>
    <subfield code="4">0</subfield>
    <subfield code="7">0</subfield>
    <subfield code="8">K</subfield>
    <subfield code="a">10000</subfield>
    <subfield code="b">10000</subfield>
    <subfield code="d">2020-01-29</subfield>
    <subfield code="i">21192</subfield>
    <subfield code="l">2</subfield>
    <subfield code="o">I1842</subfield>
    <subfield code="p">I1842</subfield>
    <subfield code="q">2026-05-22</subfield>
    <subfield code="r">2026-04-22</subfield>
    <subfield code="s">2026-04-22</subfield>
    <subfield code="w">2020-01-29</subfield>
    <subfield code="y">OLDO</subfield>
  </datafield>
</record>
